| 000 | 00909nam a22002897a 4500 | ||
|---|---|---|---|
| 003 | BJBSDDR | ||
| 005 | 20260423154653.0 | ||
| 007 | ta | ||
| 008 | 260406s2018 ck ||||| |||| 00| 0 spa d | ||
| 020 | _a9789587205343 | ||
| 020 | _a9587205340 | ||
| 040 |
_bspa _cBJBSDDR |
||
| 041 | _aspa | ||
| 050 | 1 | 4 |
_aPQ 8179 _bA662m 2018 |
| 100 | 1 |
_aArango Arias, Gonzalo, _d1931-1976 _947807 |
|
| 245 | 1 | 0 |
_aMemorias de un presidiario nadaísta / _cGonzalo Arango. |
| 260 |
_aMedellín : _bFondo Editorial Universidad Eafit ; _bCorporación Otraparte, _c2018 |
||
| 300 |
_a278 páginas ; _c20 cm |
||
| 490 | 0 | _aBiblioteca Gonzalo Arango | |
| 600 | 1 | 4 |
_aArango Arias, Gonzalo, _d1931-1976 _947807 |
| 650 | 4 |
_aLiteratura antioqueña _948105 |
|
| 650 | 4 |
_aLiteratura colombiana _9869 |
|
| 650 | 4 |
_aAutores colombianos _98634 |
|
| 650 | 4 |
_aNadaísmo (Literatura) _948107 |
|
| 942 |
_2lcc _cBK |
||
| 946 | _icmc | ||
| 999 |
_c126741 _d126741 |
||